Những đặc trưng ngôn ngữ - xã hội của thể loại tạp bút /
Đã lưu trong:
| Príomhúdar: | |
|---|---|
| Formáid: | Bài viết |
| Teanga: | Vietnamese |
| Ábhair: | |
| Clibeanna: |
Cuir Clib Leis
Gan Chlibeanna, Bí ar an gcéad duine leis an taifead seo a chlibeáil!
|
| Thư viện lưu trữ: | Thư viện Trường Đại học Đà Lạt |
|---|
| LEADER | 00731nam a2200253 4500 | ||
|---|---|---|---|
| 001 | DLU140161683 | ||
| 005 | ##20140428 | ||
| 040 | # | # | |a DLU |b vie |
| 041 | # | # | |a vie |
| 044 | # | # | |a vn |
| 100 | # | # | |a Tôn Nữ Mỹ Nhật, |c TS. |
| 245 | # | # | |a Những đặc trưng ngôn ngữ - xã hội của thể loại tạp bút / |c Tôn Nữ Mỹ Nhật. |
| 653 | # | # | |a Ngôn ngữ |
| 653 | # | # | |a Tạp bút |
| 773 | # | # | |t Ngôn ngữ |g Số 5(264), 2011, tr. 35-49 |
| 920 | # | # | |a Phòng Tạp chí -- Trung tâm Thông tin - Thư viện Trường Đại học Đà Lạt |
| 994 | # | # | |a DLU |
| 900 | # | # | |a True |
| 911 | # | # | |a Hoàng Thị Huyền |
| 925 | # | # | |a G |
| 926 | # | # | |a A |
| 927 | # | # | |a BB |
| 980 | # | # | |a Thư viện Trường Đại học Đà Lạt |